|
|
|
|
| LEADER |
00000nam0a2200000 4500 |
| 001 |
294230 |
| 005 |
20231102000656.0 |
| 020 |
|
|
|a RU
|b 84-2860
|
| 035 |
|
|
|a (RuTPU)RU\TPU\book\319285
|
| 090 |
|
|
|a 294230
|
| 100 |
|
|
|a 20150512d1983 k y0rusy5003 ca
|
| 101 |
0 |
|
|a rus
|
| 102 |
|
|
|a RU
|
| 105 |
|
|
|a a z 001zy
|
| 200 |
1 |
|
|a Геохимия базальтов платформенного вулканизма Карелии
|f А. И. Голубев, А. П. Светов
|g Академия наук СССР (АН СССР), Карельский филиал (КФ), Институт геологии (ИГ)
|
| 210 |
|
|
|a Петрозаводск
|c Карелия
|d 1983
|
| 215 |
|
|
|a 191 с.
|c ил.
|
| 606 |
|
|
|a Базальты
|x Структура
|2 stltpush
|3 (RuTPU)RU\TPU\subj\27967
|9 51598
|
| 610 |
1 |
|
|a Карелия
|
| 610 |
1 |
|
|a геохимия
|
| 610 |
1 |
|
|a платформенный вулканизм
|
| 610 |
1 |
|
|a исследование
|
| 675 |
|
|
|a 552.323
|v 3
|
| 700 |
|
1 |
|a Голубев
|b А. И.
|g Анатолий Иванович
|
| 701 |
|
1 |
|a Светов
|b А. П.
|g Анатолий Павлович
|
| 712 |
0 |
2 |
|a Академия наук СССР (АН СССР)
|b Карельский филиал (КФ)
|b Институт геологии (ИГ)
|c (Петрозаводск)
|2 stltpush
|3 (RuTPU)RU\TPU\col\13466
|
| 801 |
|
0 |
|a RU
|b RuMRKP
|c 19950704
|g psbo
|
| 801 |
|
1 |
|a RU
|b 63413507
|c 20150512
|
| 801 |
|
2 |
|a RU
|b 63413507
|c 20171026
|g RCR
|
| 942 |
|
|
|c BK
|